Essai sur la dialectique du dessin / (Record no. 34808)

MARC details
000 -LEADER
campo de control de longitud fija 00459nam a2200169 i 4500
001 - NÚMERO DE CONTROL
campo de control 34808
003 - IDENTIFICADOR DE NÚMERO DE CONTROL
campo de control ES-MaACL
005 - FECHA Y HORA DE LA ÚLTIMA TRANSACCIÓN
campo de control 20230906155012.0
007 - CAMPO FIJO DE DESCRIPCIÓN FÍSICA--INFORMACIÓN GENERAL
campo de control de longitud fija t|
008 - DATOS DE LONGITUD FIJA--INFORMACIÓN GENERAL
campo de control de longitud fija 030211q1912 be ||||1| fre d
100 1# - ENTRADA PRINCIPAL--NOMBRE DE PERSONA
Nombre de persona Bosschere, Jean de.
9 (RLIN) 199775
245 10 - MENCIÓN DEL TÍTULO
Título Essai sur la dialectique du dessin /
Mención de responsabilidad, etc. par Jean de Bosschère.
260 ## - PUBLICACIÓN, DISTRIBUCIÓN, ETC.
Lugar de publicación, distribución, etc. Bruxelles :
Nombre del editor, distribuidor, etc. G. van Oes,
Fecha de publicación, distribución, etc. [1912?]
300 ## - DESCRIPCIÓN FÍSICA
Extensión 127 p. ;
Dimensiones 22 cm.
852 ## - LOCALIZACIÓN
Ubicación ES-MaACL
Número de control de estantería F-2801
Holdings
Estatus retirado Estado de pérdida Estado de daño No para préstamo Biblioteca de origen Biblioteca actual Ubicación en estantería Fecha de adquisición Fuente de adquisición Total de préstamos Signatura topográfica completa Código de barras Visto por última vez Precio de reemplazo Tipo de ítem Koha
        Biblioteca del Ateneo de Madrid Biblioteca del Ateneo de Madrid Depósito 2 17/01/2008     F-2801 1036333 23/02/2023 23/02/2023 Libro impreso